00000000nam##2200000za#4500
0019.645667
003CaOODSP
00520200328192214
007ta
008150407|1994||||xxc|||||     f|0| 0 eng|d
020 |a0-662-22575-9
040 |aCaOODSP|beng
043 |an-cn---
0861 |aH72-21/119-1994E
1101 |aCanada. |bHealth Canada.
24510|aFamily violence: awareness information for people in the workplace : |ba guide for use by people interested in meeting together to discuss family violence issues / |cIssued jointly by the Mental Health Division and the National Clearinghouse on Family Violence.
260 |aOttawa - Ontario : |bHealth Canada |c1994.
300 |a37p. in various pagings. : |breferences ; |c28 cm.
563 |aSoftcover
590 |a95-03|b1995-01-20
69007|aFamily violence|2gcpds
77508|tViolence familiale: atelier de sensibilisation du personnel en milieu de travail : |w(CaOODSP)9.679315